Statistical reasoning and methods /
About statistics. Organizing data and describing patterns. Describing bivariate data. Probability-the basis for inference. Random variables and probability distributions. Normal distribuitons. Variation in repeated samples-sampling distributions...
Zapisane w:
| 1. autor: | |
|---|---|
| Kolejni autorzy: | |
| Format: | Książka |
| Język: | English |
| Wydane: |
New York :
Wiley,
1998.
|
| Hasła przedmiotowe: | |
| Etykiety: |
Dodaj etykietę
Nie ma etykietki, Dołącz pierwszą etykiete!
|
| Thư viện lưu trữ: | Mạng thư viện Đại học Đà Nẵng |
|---|
| LEADER | 01434cam a2200385 i 4500 | ||
|---|---|---|---|
| 001 | 000048101 | ||
| 003 | 7802 | ||
| 005 | 20051111140410.0 | ||
| 008 | 010324b1998 vm 000 eng | ||
| 020 | |a 0471042056 | ||
| 040 | |a IRC |c IRC |d IRC | ||
| 041 | 0 | |a eng | |
| 082 | 1 | 4 | |a 519.5 |b JO-R |
| 100 | 1 | |a Johnson, Richard Arnold. | |
| 245 | 1 | 0 | |a Statistical reasoning and methods / |c Richard A. Johnson, Kam-Wah Tsui. |
| 260 | |a New York : |b Wiley, |c 1998. | ||
| 300 | |a xiv, 589 p. : |b ill. ; |c 24 cm. | ||
| 500 | |a Includes index. | ||
| 520 | 3 | |a About statistics. Organizing data and describing patterns. Describing bivariate data. Probability-the basis for inference. Random variables and probability distributions. Normal distribuitons. Variation in repeated samples-sampling distributions... | |
| 630 | 0 | 4 | |a Mathemetics. |
| 630 | 0 | 4 | |a Mathematical statistics. |
| 650 | 0 | 4 | |a Mathematical statistics. |
| 700 | 1 | |a Tsui, Kam-Wah. | |
| OWN | |a DUT | ||
| AVA | |a UDN50 |b DUT |c Book |d 519.5 JO-R |e available |t Error 5001 Not defined in file expand_doc_bib_avail. |f 1 |g 0 |h N |i 0 |j SH |k 1 | ||
| 999 | |a From the UDN01 | ||
| AVA | |a UDN50 |b DUT |c Book |d 519.5 JO-R |e available |t Error 5001 Not defined in file expand_doc_bib_avail. |f 1 |g 0 |h N |i 0 |j SH |k 1 | ||
| TYP | |a Monograph | ||
| TYP | |a Printed language | ||
| 980 | |a Mạng thư viện Đại học Đà Nẵng | ||


